000 00586nam a22002057a 4500
003 DO-SdBNP
005 20211125085533.0
007 ta
008 211124b20-- ||||e |||| 00| 0 spa d
040 _aDO-SdBNP
_bspa
_cBNPHU
082 4 _222
_a346.082
_bG892e
110 _aGrupo Popular,S.A
_96892
245 1 0 _aEstatutos sociales /
_cGrupo Popular, S.A.
260 _a[Santo Domingo ] :
_bGrupo Popular,
_c[20--?].
300 _a32 p. :
_c20 cm
590 _aInventariado, 2021/ SA
650 4 _aBancos
_vEstatutos
_xReglamentaciones
_980731
910 _aSaquino
942 _2ddc
_cLF2
999 _c51035
_d51035